Ekonomska politika

Saved in:
Bibliographic Details
Format: Serial
Language:Serbian
Published: Beograd Borba 1980
Tags: Add Tag
No Tags, Be the first to tag this record!

MARC

LEADER 00000nas2a2200000 4500
001 s125052
005 20250730114227.5
041 0 |a srp 
044 |a YU 
245 1 0 |a Ekonomska politika 
264 1 |a Beograd  |b Borba  |c 1980 
300 |a 5 zv. 
773 0 |w eu_un_cat*s120976